000 00381cam a2200169ua 4500
020 _c2.00
041 _amal
_h
082 _a894.8124
_bMRB/KA
100 _aM R B, .
245 _aKavisaparya /
_cM R B.
_hTextual Documents
260 _aThrissur :
_bCurrent Books ,
_c1962.
300 _a128 ; .
365 _a2.00
504 _a
942 _cBK
999 _c5921
_d5921